MARC details
| 000 -LEADER |
| fixed length control field |
03711cam a22006855i 4500 |
| 001 - CONTROL NUMBER |
| control field |
3088 |
| 003 - CONTROL NUMBER IDENTIFIER |
| control field |
FISKH |
| 005 - DATE AND TIME OF LATEST TRANSACTION |
| control field |
20240205122338.0 |
| 008 - FIXED-LENGTH DATA ELEMENTS--GENERAL INFORMATION |
| fixed length control field |
171221t20182017txuabf 000 0aeng d |
| 010 ## - LIBRARY OF CONGRESS CONTROL NUMBER |
| LC control number |
2017964302 |
| 020 ## - INTERNATIONAL STANDARD BOOK NUMBER |
| International Standard Book Number |
9781937747985 |
| 020 ## - INTERNATIONAL STANDARD BOOK NUMBER |
| International Standard Book Number |
1937747980 |
| 035 ## - SYSTEM CONTROL NUMBER |
| System control number |
(OCoLC)on1046449299 |
| 040 ## - CATALOGING SOURCE |
| Original cataloging agency |
WC4 |
| Language of cataloging |
eng |
| Transcribing agency |
WC4 |
| Description conventions |
rda |
| Modifying agency |
OCLCF |
| -- |
LKC |
| -- |
OCLCO |
| -- |
ZQP |
| -- |
OCLCO |
| -- |
BUR |
| -- |
OCL |
| -- |
CCS |
| -- |
OCLCQ |
| -- |
OCLCO |
| -- |
OCL |
| -- |
DLC |
| -- |
FISKH |
| 042 ## - AUTHENTICATION CODE |
| Authentication code |
lccopycat |
| 043 ## - GEOGRAPHIC AREA CODE |
| Geographic area code |
e-uk-en |
| 050 00 - LIBRARY OF CONGRESS CALL NUMBER |
| Classification number |
GV1060.2.B375 |
| Item number |
A3 2018 |
| 082 04 - DEWEY DECIMAL CLASSIFICATION NUMBER |
| Classification number |
629.227/5092 |
| Edition number |
23 |
| 082 04 - DEWEY DECIMAL CLASSIFICATION NUMBER |
| Classification number |
910.41092 |
| Edition number |
23 |
| 100 1# - MAIN ENTRY--PERSONAL NAME |
| Personal name |
Beard, Elspeth, |
| Relator term |
author. |
| 245 10 - TITLE STATEMENT |
| Title |
Lone rider : |
| Remainder of title |
the first British woman to motorcycle around the world / |
| Statement of responsibility, etc. |
Elspeth Beard. |
| 250 ## - EDITION STATEMENT |
| Edition statement |
North American edition. |
| 264 #1 - PRODUCTION, PUBLICATION, DISTRIBUTION, MANUFACTURE, AND COPYRIGHT NOTICE |
| Place of production, publication, distribution, manufacture |
Austin : |
| Name of producer, publisher, distributor, manufacturer |
Octane Press, |
| Date of production, publication, distribution, manufacture, or copyright notice |
2018 |
| 264 #4 - PRODUCTION, PUBLICATION, DISTRIBUTION, MANUFACTURE, AND COPYRIGHT NOTICE |
| Date of production, publication, distribution, manufacture, or copyright notice |
2017 |
| 300 ## - PHYSICAL DESCRIPTION |
| Extent |
328 pages, 16 unnumbered pages of plates : |
| Other physical details |
illustrations (chiefly color), maps ; |
| Dimensions |
20 cm |
| 336 ## - CONTENT TYPE |
| Content type term |
text |
| Content type code |
txt |
| Source |
rdacontent |
| 337 ## - MEDIA TYPE |
| Media type term |
unmediated |
| Media type code |
n |
| Source |
rdamedia |
| 338 ## - CARRIER TYPE |
| Carrier type term |
volume |
| Carrier type code |
nc |
| Source |
rdacarrier |
| 520 ## - SUMMARY, ETC. |
| Summary, etc. |
"In 1982, at the age of twenty-three, Elspeth Beard left her family and friends in London and set off on a 35,000-mile solo adventure around the world on her 1974 BMW R60/6. With some savings from her pub job, a tent, a few clothes and some tools, all packed on the bike, she was determined to prove herself and to get over a recent heartbreak. She had ridden bikes since her teens and was already well traveled, but this journey would be the toughest thing she'd ever done. By the time she returned to England two years later, she was 30 pounds lighter and decades wiser. She'd ridden through deserts and mountain ranges and war-ravaged countries. She'd faked documents and fended off sexual attacks, biker gangs, and corrupt police that were convinced she was trafficking drugs. She'd survived brutal crashes and life-threatening illnesses and she'd fallen in love with two very different men. In an age before email, the Internet, mobile phones, and GPS, Elspeth had to navigate with unreliable maps, communicate by post, and fix her bike with the tools she carried with her, but she achieved her goal nonetheless. Told with honesty and wit, this is the extraordinary and moving story of a unique and life-changing adventure."--Back cover |
| 600 10 - SUBJECT ADDED ENTRY--PERSONAL NAME |
| Personal name |
Beard, Elspeth. |
| 600 10 - SUBJECT ADDED ENTRY--PERSONAL NAME |
| Personal name |
Beard, Elspeth |
| General subdivision |
Travel. |
| 650 #0 - SUBJECT ADDED ENTRY--TOPICAL TERM |
| Topical term or geographic name entry element |
Women motorcyclists |
| Geographic subdivision |
England |
| Form subdivision |
Biography. |
| 650 #0 - SUBJECT ADDED ENTRY--TOPICAL TERM |
| Topical term or geographic name entry element |
Motorcycling. |
| 650 #0 - SUBJECT ADDED ENTRY--TOPICAL TERM |
| Topical term or geographic name entry element |
Motorcycle touring. |
| 650 #0 - SUBJECT ADDED ENTRY--TOPICAL TERM |
| Topical term or geographic name entry element |
Voyages around the world. |
| 650 #6 - SUBJECT ADDED ENTRY--TOPICAL TERM |
| Topical term or geographic name entry element |
Femmes motocyclistes |
| Geographic subdivision |
Angleterre |
| Form subdivision |
Biographies. |
| 650 #6 - SUBJECT ADDED ENTRY--TOPICAL TERM |
| Topical term or geographic name entry element |
Mototourisme. |
| 650 #6 - SUBJECT ADDED ENTRY--TOPICAL TERM |
| Topical term or geographic name entry element |
Voyages autour du monde. |
| 650 #7 - SUBJECT ADDED ENTRY--TOPICAL TERM |
| Topical term or geographic name entry element |
Motorcycle touring. |
| Source of heading or term |
fast |
| Authority record control number or standard number |
(OCoLC)fst01736884 |
| 650 #7 - SUBJECT ADDED ENTRY--TOPICAL TERM |
| Topical term or geographic name entry element |
Motorcycling. |
| Source of heading or term |
fast |
| Authority record control number or standard number |
(OCoLC)fst01028122 |
| 650 #7 - SUBJECT ADDED ENTRY--TOPICAL TERM |
| Topical term or geographic name entry element |
Travel. |
| Source of heading or term |
fast |
| Authority record control number or standard number |
(OCoLC)fst01155558 |
| 650 #7 - SUBJECT ADDED ENTRY--TOPICAL TERM |
| Topical term or geographic name entry element |
Voyages around the world. |
| Source of heading or term |
fast |
| Authority record control number or standard number |
(OCoLC)fst01169326 |
| 650 #7 - SUBJECT ADDED ENTRY--TOPICAL TERM |
| Topical term or geographic name entry element |
Women motorcyclists. |
| Source of heading or term |
fast |
| Authority record control number or standard number |
(OCoLC)fst01178166 |
| 651 #7 - SUBJECT ADDED ENTRY--GEOGRAPHIC NAME |
| Geographic name |
England. |
| Source of heading or term |
fast |
| Authority record control number or standard number |
(OCoLC)fst01219920 |
| 655 #2 - INDEX TERM--GENRE/FORM |
| Genre/form data or focus term |
Autobiography |
| 655 #2 - INDEX TERM--GENRE/FORM |
| Genre/form data or focus term |
Biography |
| 655 #7 - INDEX TERM--GENRE/FORM |
| Genre/form data or focus term |
Autobiographies. |
| Source of term |
fast |
| Authority record control number or standard number |
(OCoLC)fst01919894 |
| 655 #7 - INDEX TERM--GENRE/FORM |
| Genre/form data or focus term |
Biographies. |
| Source of term |
fast |
| Authority record control number or standard number |
(OCoLC)fst01919896 |
| 655 #7 - INDEX TERM--GENRE/FORM |
| Genre/form data or focus term |
Travel writing. |
| Source of term |
fast |
| Authority record control number or standard number |
(OCoLC)fst01919983 |
| 655 #7 - INDEX TERM--GENRE/FORM |
| Genre/form data or focus term |
Travel writing. |
| Source of term |
lcgft |
| 655 #7 - INDEX TERM--GENRE/FORM |
| Genre/form data or focus term |
Autobiographies. |
| Source of term |
lcgft |
| 655 #7 - INDEX TERM--GENRE/FORM |
| Genre/form data or focus term |
Biographies. |
| Source of term |
lcgft |
| 655 #7 - INDEX TERM--GENRE/FORM |
| Genre/form data or focus term |
Récits de voyages. |
| Source of term |
rvmgf |
| 655 #7 - INDEX TERM--GENRE/FORM |
| Genre/form data or focus term |
Autobiographies. |
| Source of term |
rvmgf |
| 655 #7 - INDEX TERM--GENRE/FORM |
| Genre/form data or focus term |
Biographies. |
| Source of term |
rvmgf |
| 906 ## - LOCAL DATA ELEMENT F, LDF (RLIN) |
| a |
7 |
| b |
cbc |
| c |
copycat |
| d |
2 |
| e |
ncip |
| f |
20 |
| g |
y-gencatlg |
| 942 ## - ADDED ENTRY ELEMENTS (KOHA) |
| Source of classification or shelving scheme |
Dewey Decimal Classification |
| Koha item type |
Books |
| Suppress in OPAC |
No |